České hokejové kluby 24/25 - Statistics

General Stats
  • This quiz has been taken 149 times
  • The average score is 33 of 55
Answer Stats
Liga % Correct
TELH HC Sparta Praha
99%
TELH Bílí Tygři Liberec
97%
TELH HC Dynamo Pardubice
97%
TELH HC Škoda Plzeň
97%
TELH Mountfield HK
97%
TELH HC Olomouc
95%
TELH Rytíři Kladno
95%
TELH BK Mladá Boleslav
94%
TELH HC Energie Karlovy Vary
93%
TELH HC Oceláři Třinec
93%
TELH Banes Motor Č. Budějovice
92%
Maxa liga HC Dukla Jihlava
92%
TELH HC VÍTKOVICE RIDERA
89%
Maxa liga RI Okna Berani Zlín
89%
TELH HC VERVA Litvínov
88%
TELH HC Kometa Brno
86%
Maxa liga HC Slavia Praha
86%
Maxa liga VHK ROBE Vsetín
80%
Maxa liga Piráti Chomutov
78%
Maxa liga LHK Jestřábi Prostějov
70%
2. liga – Západ HC Slovan Ústí nad Labem
69%
Maxa liga HC ZUBR Přerov
69%
Maxa liga SK Horácká Slavia Třebíč
67%
2. liga – Západ HC Tábor
66%
2. liga – Východ AZ Havířov
65%
Maxa liga HC Stadion Litoměřice
65%
Maxa liga SC Marimex Kolín
65%
2. liga – Východ HC LERAM Orli Znojmo
63%
Maxa liga HC Frýdek-Místek
61%
Maxa liga HC RT TORAX Poruba 2011
61%
Maxa liga HC Baník Sokolov
57%
2. liga – Východ HC Slezan Opava
52%
2. liga – Západ HC Příbram
49%
2. liga – Východ DRACI PARS ŠUMPERK
48%
2. liga – Západ IHC Králové Písek
45%
2. liga – Východ BK Havlíčkův Brod
44%
2. liga – Západ HC Stadion Cheb
42%
2. liga – Východ SHKM Baník Hodonín
42%
2. liga – Západ HC Děčín
41%
Maxa liga HC Dynamo Pardubice B
40%
2. liga – Východ SKLH Žďár nad Sázavou
39%
2. liga – Východ Hokej Vyškov
35%
2. liga – Východ HC Bobři Valašské Meziříčí
32%
2. liga – Východ HK Nový Jičín
28%
2. liga – Západ HC Stadion Vrchlabí
27%
2. liga – Západ HC Benátky nad Jizerou
26%
2. liga – Západ HC Kobra Praha
26%
2. liga – Západ SK Kadaň
25%
2. liga – Východ HC ISMM Kopřivnice
24%
2. liga – Východ Technika Hockey Brno
22%
2. liga – Západ HC Řisuty
18%
2. liga – Východ HHK Velké Meziříčí
18%
2. liga – Západ HK Kralupy nad Vltavou
16%
2. liga – Západ HC Wikov Hronov
15%
2. liga – Západ Mostečtí lvi
6%
No matching quizzes found
Score Distribution
Percent of People with Each Score
Percentile by Number Answered
Your Score History
You have not taken this quiz